WRITING RESEARCH PAPERS YOUR COMPLETE GUIDE TO THE PROCESS OF WRITING A RESEARCH PAPER FROM FINDING A TOPIC TO PREPARING THE FINAL MANUSCRIPT / (Record no. 616916)
[ view plain ]
| 000 -LEADER | |
|---|---|
| fixed length control field | 00499nam a22001457a 4500 |
| 020 ## - INTERNATIONAL STANDARD BOOK NUMBER | |
| Qualifying information | PB. |
| 040 ## - CATALOGING SOURCE | |
| Transcribing agency | FIZZA ISHAQ |
| 082 ## - DEWEY DECIMAL CLASSIFICATION NUMBER | |
| Classification number | 808.02 |
| Author Mark | DOU |
| 100 ## - MAIN ENTRY--PERSONAL NAME | |
| Personal name | LITTELL,MCDOUGAL. |
| 9 (RLIN) | 132171 |
| 245 ## - TITLE STATEMENT | |
| Title | WRITING RESEARCH PAPERS YOUR COMPLETE GUIDE TO THE PROCESS OF WRITING A RESEARCH PAPER FROM FINDING A TOPIC TO PREPARING THE FINAL MANUSCRIPT / |
| Statement of responsibility, etc. | MCDOUGAL LITTEL. |
| 250 ## - EDITION STATEMENT | |
| Edition statement | NEW REVISED ED. |
| 260 ## - PUBLICATION, DISTRIBUTION, ETC. | |
| Place of publication, distribution, etc. | NEW YORK ; |
| Name of publisher, distributor, etc. | McDougal LITTELL, |
| Date of publication, distribution, etc. | 1997. |
| 300 ## - PHYSICAL DESCRIPTION | |
| Extent | 113 P. ; |
| Dimensions | 9.4x7.6IN |
| 942 ## - ADDED ENTRY ELEMENTS (KOHA) | |
| Source of classification or shelving scheme | |
| Koha item type | Book |
| Withdrawn status | Lost status | Source of classification or shelving scheme | Damaged status | Not for loan | Permanent Location | Current Location | Shelving location | Date acquired | Total Checkouts | Full call number | Barcode | Date last seen | Price effective from | Koha item type |
|---|---|---|---|---|---|---|---|---|---|---|---|---|---|---|
| NUST Baluchistan Campus (NBC) | NUST Baluchistan Campus (NBC) | Reference | 04/08/2026 | 808.02 DOU | QD-400 | 04/08/2026 | 04/08/2026 | Book |
